Na jakim kontynencie leżą te stolice? #2 - Statystyki

Ogólne statystyki
  • Ten quiz został rozwiązany 36 razy
  • Średni wynik to 10 z 15
Statystyki odpowiedzi
Zagadnienie Odpowiedź % Poprawnych
Bissau Afryka
88%
Lobamba Afryka
85%
Bandar Seri Begawan Azja
79%
São Tomé Afryka
76%
Lilongwe Afryka
76%
Lusaka Afryka
76%
Port of Spain Ameryka Północna
73%
Moroni Afryka
70%
Naypyidaw Azja
61%
Palikir Oceania
61%
Port Vila Oceania
58%
Honiara Oceania
58%
Tarawa Oceania
58%
Basseterre Ameryka Północna
42%
Victoria Afryka
39%
Nie znaleziono quizów pasujących do podanych kryteriów
Rozkład punktacji
Procent ludzi z każdym wynikiem
Percentyl według liczby udzielonych odpowiedzi
Twoja historia wyników
Nie rozwiązałeś tego quizu